Reforma económica, estado y sociedad en centroamérica
| Main Author: | |
|---|---|
| Format: | Section = Libro |
| Language: | Undetermined Spanish |
| Published: |
Costa Rica
FLACSO : EDUCA
1998
|
| Subjects: |
| LEADER | 00602nam a2200205Ia 4500 | ||
|---|---|---|---|
| 008 | 240830s9999 xx 000 0 und d | ||
| 020 | |a 9977-68-099X | ||
| 040 | |a B-ESTELÍ- RUACS / 330.9728 S66 | ||
| 041 | |a spa | ||
| 082 | |a 330.9728 S66 | ||
| 100 | 1 | |a Sojo, Carlos | |
| 245 | 1 | 0 | |a Reforma económica, estado y sociedad en centroamérica |
| 260 | |a Costa Rica |b FLACSO : EDUCA |c 1998 | ||
| 300 | |a 142 p. | ||
| 650 | 7 | |a REFORMA ECONÓMICA - AMERICA CENTRAL | |
| 650 | 7 | |b ESTADO - REORGANIZACIÓN | |
| 650 | 7 | |c CAMBIOS SOCIALES - AMÉRICA CENTRAL I | |
| 942 | |c BK |2 ddc | ||
| 991 | |a TEXTO | ||
| 999 | |c 10727 | ||